Dictamen 6/2010, sobre el Anteproyecto de Ley de tasas consulares (Registro nro. 44084)
[ vista simple ]
| 000 -CABECERA | |
|---|---|
| Longitud fija campo de control | 01267nam a2200361 c 4500 |
| 001 - NÚMERO DE CONTROL | |
| Número de control | 44084 |
| 003 - IDENTIFICADOR DE NÚMERO DE CONTROL | |
| Identificador del número de control | ES-MaCES |
| 005 - FECHA Y HORA DE LA ÚLTIMA TRANSACCIÓN | |
| Fecha y hora de la última transacción | 20210721182335.0 |
| 007 - PHYSICAL DESCRIPTION FIXED FIELD--GENERAL INFORMAT | |
| Campo fijo de descripción física | cr ||||||||||| |
| 008 - CAMPO FIJO DE DESCRIPCIÓN FIJA--INFORMACIÓN GENERAL | |
| Códigos de información de longitud fija | 100910s2010 sp |||||||||||00||0 spa|d |
| 035 ## - NÚMERO DE CONTROL DEL SISTEMA | |
| Número de control del sistema | 0008600000242 |
| 040 ## - FUENTE DE CATALOGACIÓN | |
| Centro catalogador de origen | ES-MaCES |
| Lengua de catalogación | spa |
| Centro transcriptor | ES-MaCES |
| 245 00 - MENCIÓN DE TÍTULO | |
| Título | Dictamen 6/2010, sobre el Anteproyecto de Ley de tasas consulares |
| 300 ## - DESCRIPCIÓN FÍSICA | |
| Extensión | 9 p. (83,32 kb) |
| 593 ## - CES. DATOS DICTAMEN | |
| Comisión de trabajo | Economía y Fiscalidad |
| Identificador | D-006-2010 |
| Fecha dictamen | 20100721 |
| Tipo trámite | Ordinaria |
| Tipo sesión | Pleno ordinario |
| Votos aprobados | Presentes: 43: 40 sí, 1 abst. |
| 650 #4 - ASIENTO SECUNDARIO DE MATERIA--TÉRMINO DE MATERIA | |
| Término de materia o nombre geográfico como elemento inicial | España |
| 9 (RLIN) | 26964 |
| 650 #4 - ASIENTO SECUNDARIO DE MATERIA--TÉRMINO DE MATERIA | |
| Término de materia o nombre geográfico como elemento inicial | régimen jurídico |
| 9 (RLIN) | 29894 |
| 650 #4 - ASIENTO SECUNDARIO DE MATERIA--TÉRMINO DE MATERIA | |
| Término de materia o nombre geográfico como elemento inicial | relaciones internacionales |
| 9 (RLIN) | 26675 |
| 650 #4 - ASIENTO SECUNDARIO DE MATERIA--TÉRMINO DE MATERIA | |
| Término de materia o nombre geográfico como elemento inicial | servicio diplomático |
| 9 (RLIN) | 28003 |
| 650 #4 - ASIENTO SECUNDARIO DE MATERIA--TÉRMINO DE MATERIA | |
| Término de materia o nombre geográfico como elemento inicial | diplomacia |
| 9 (RLIN) | 26686 |
| 650 #4 - ASIENTO SECUNDARIO DE MATERIA--TÉRMINO DE MATERIA | |
| Término de materia o nombre geográfico como elemento inicial | control de los precios |
| 9 (RLIN) | 27916 |
| 650 #4 - ASIENTO SECUNDARIO DE MATERIA--TÉRMINO DE MATERIA | |
| Término de materia o nombre geográfico como elemento inicial | fijación del precio |
| 9 (RLIN) | 28285 |
| 650 #4 - ASIENTO SECUNDARIO DE MATERIA--TÉRMINO DE MATERIA | |
| Término de materia o nombre geográfico como elemento inicial | política de precios |
| 9 (RLIN) | 27917 |
| 650 #4 - ASIENTO SECUNDARIO DE MATERIA--TÉRMINO DE MATERIA | |
| Término de materia o nombre geográfico como elemento inicial | tributación |
| 9 (RLIN) | 28093 |
| 653 10 - TÉRMINO DE INDEXACIÓN--NO CONTROLADO | |
| Término no controlado | Fiscalidad |
| 650 #4 - ASIENTO SECUNDARIO DE MATERIA--TÉRMINO DE MATERIA | |
| 9 (RLIN) | 28086 |
| Término de materia o nombre geográfico como elemento inicial | impuesto |
| 700 1# - ENCABEZAMIENTO SECUNDARIO--NOMBRE PERSONAL | |
| Nombre de persona | Pujol Segarra, Joan |
| Término indicativo de función | ponente |
| 9 (RLIN) | 21498 |
| 710 1# - ENCABEZAMIENTO SECUNDARIO--NOMBRE CORPORATIVO | |
| Nombre de entidad o nombre de jurisdicción como elemento inicial | España |
| Unidad subordinada | Ministerio de Asuntos Exteriores y de Cooperación |
| Término indicativo de función | solicitante |
| 9 (RLIN) | 3227 |
| 856 ## - ACCESO ELECTRÓNICO | |
| Identificador Uniforme del Recurso (URI) | <a href="http://www.ces.es/documents/DIC/2010/06">http://www.ces.es/documents/DIC/2010/06</a> |
| Texto del enlace | texto completo |
| 902 ## - CES. TIPO DE DOCUMENTO | |
| Tipodoc (006$c Sirtex) | Dictamen |
| 942 ## - ELEMENTOS KOHA | |
| Fuente de clasificaión o esquema | Clasificación propia del CES |
| Koha [por defecto] tipo de item | Dictámenes/Informes/Memorias CES |
| Parte de clasificación | 0.1. |
No hay ítems disponibles.
